[Event "Cappelle op 31st"]
[Site "Cappelle la Grande"]
[Date "2015.03.04"]
[Round "6"]
[White "Kovchan, Alexander"]
[Black "Arun Prasad, Subramanian"]
[Result "1/2-1/2"]
[WhiteElo "2576"]
[BlackElo "2502"]
[Annotator "RR"]
[PlyCount "201"]
[EventDate "2015.02.28"]
[EventType "swiss"]
[EventRounds "9"]
[EventCountry "FRA"]
[SourceTitle "EXT 2016"]
[Source "ChessBase"]
[SourceDate "2015.10.08"]
[SourceVersion "1"]
[SourceVersionDate "2015.10.08"]
[SourceQuality "1"]

1. e4 e6 2. d4 d5 3. Nc3 Nf6 4. Bg5 Bb4 5. e5 h6 6. Bh4 g5 7. Bg3 Ne4 8. Nge2
c5 (8... f5 9. f3 Nxg3 10. hxg3 Bd7 11. a3 Bxc3+ 12. Nxc3 Nc6 13. f4 g4 14. Qd2
Qe7 15. Nd1 O-O-O 16. Ne3 h5 17. O-O-O Kb8 18. c4 dxc4 19. Bxc4 Nxd4 20. Qxd4
Ba4 21. Rxh5 Rhe8 22. Qc3 Bxd1 23. Nxd1 Qc5 24. Rh7 Qg1 25. Bb3 c5 26. Qa5 Qxg2
27. Bxe6 Rd4 28. Bxf5 Red8 29. Bc2 Rd2 30. Qc3 c4 31. e6 Re2 32. Rd7 Re8 33. f5
a6 34. Ba4 Rc8 35. e7 b5 36. f6 Qc6 37. Qd4 {1-0 (37) Onischuk,V (2614)-Volkov,
S (2599) Al Ain 2014}) 9. a3 Bxc3+ 10. Nxc3 Nxc3 11. bxc3 Qa5 12. Qd2 Nc6 13.
dxc5 Qxc5 14. h4 Rg8 15. hxg5 hxg5 16. c4 $146 (16. Bd3 Bd7 17. Rh7 O-O-O 18.
Rxf7 Rh8 19. O-O-O Qxa3+ 20. Kb1 Na5 21. Qc1 Qxc3 22. Qb2 Qc5 23. Be2 Kb8 24.
Rd4 Rh1+ 25. Ka2 Nc4 26. Qc3 Qb5 27. Bxc4 Qa4+ 28. Qa3 Ra1+ 29. Kxa1 Qxa3+ 30.
Kb1 dxc4 {0-1 (30) Gutsko,N (2287)-Kiselev,V (2535) Lugansk 2010}) 16... dxc4
17. Rd1 Qxa3 $1 {Gagne non seulement un P mais aussi le contrôle de la case
"b4"} 18. Bxc4 Qb4 19. Qxb4 Nxb4 20. Bb5+ Ke7 21. f4 a6 22. Be2 Bd7 23. fxg5 (
23. Bf3 {[%cal Gf3g2]}) 23... Nxc2+ 24. Kf2 Bc6 25. Bh4 Ke8 26. Bh5 Nb4 27. Rd6
Bd5 28. Rf1 Nd3+ 29. Kg1 Nxe5 30. Rxd5 $1 exd5 31. Re1 Kf8 (31... Rh8 $5 {
[%cal Gh8h5]} 32. Rxe5+ Kd7 33. g4 (33. Rxd5+ Ke6) 33... a5 34. Bg3 {[%cal
Gh5f7]}) 32. Rxe5 Rh8 $1 {Force la poussée "g4" et le Bh5 sera hors-jeu} 33.
g4 Kg8 34. Re7 Rh7 35. Rxb7 a5 36. Bf2 a4 37. Bd4 a3 38. Rb1 a2 39. Ra1 $13 {
Une position étonnante avec le Bh5 et la Rh7 complètement hors-jeu} Ra4 40.
Bf6 Rg7 $1 41. Kf2 $1 Ra3 42. Ke2 d4 43. Kd2 d3 44. Bb2 $36 {La pauvre Ra3
risque d'être en surcharge} Ra8 45. Bxg7 Kxg7 46. Kxd3 {Avec un Bf5, la
position Blanche serait probablement gagnante} Ra5 $1 47. Kc3 Rxg5 48. Rxa2 f5
$1 49. Ra4 Kf6 50. Kd3 fxg4 {Les Noirs ont bien progressé vers la nulle en
rentrant dans cette finale théorique difficile à gagner} 51. Bxg4 Re5 52. Bf3
Kf5 53. Kd4 Re8 54. Ra1 Kf4 55. Bd5 Re2 56. Rf1+ Kg3 57. Be4 Rf2 58. Rg1+ Kf4
59. Bd3 Rf3 60. Rg7 Rf2 61. Re7 Rf3 62. Be2 Rf2 63. Re8 Kg5 64. Ke3 Rf6 65. Bd3
Rd6 66. Rf8 Re6+ 67. Be4 Re5 68. Rg8+ Kf6 $11 {Les Blancs n'ont toujours pas
réussi à bloquer le K Noir à la bande} 69. Kf4 Re6 70. Bd5 Re1 71. Ra8 Rf1+
72. Bf3 Re1 73. Ra5 Re6 74. Bd5 Rb6 75. Rc5 Rd6 76. Be4 Re6 77. Bd5 Rb6 78. Bc4
Rd6 79. Rf5+ Ke7 80. Ke5 Rd7 81. Be6 Rc7 82. Bd5 Rd7 83. Rh5 Rc7 84. Rh6 Rd7
85. Bc6 Rc7 86. Re6+ Kf8 {Les Blancs ont progressé un peu} 87. Rg6 Ke7 88. Rh6
Kd8 89. Kd6 Rd7+ $1 {La pointe!} 90. Kc5 Rg7 91. Re6 Re7 92. Rd6+ Kc7 93. Rh6
Rg7 94. Bd5 Kd8 95. Kd6 Rd7+ 96. Ke5 Re7+ 97. Be6 Kc7 98. Rh1 Rg7 99. Rc1+ Kb6
100. Kd6 Rg5 101. Rc8 1/2-1/2

[Event "Mid America op 20th"]
[Site "Saint Louis"]
[Date "2016.03.20"]
[Round "3"]
[White "Boros, Denes"]
[Black "Sadorra, Julio Catalino"]
[Result "0-1"]
[WhiteElo "2458"]
[BlackElo "2521"]
[Annotator "Sadorra,J"]
[PlyCount "116"]
[EventDate "2016.03.20"]
[EventType "swiss"]
[EventRounds "5"]
[EventCountry "USA"]
[SourceTitle "CBM 172"]
[Source "ChessBase"]
[SourceDate "2016.05.12"]
[SourceVersion "1"]
[SourceVersionDate "2016.05.12"]
[SourceQuality "1"]

1. e4 e6 2. d4 d5 3. Nc3 Nf6 4. Bg5 Bb4 {The McCutcheon Variation.} 5. e5 h6 6.
Bd2 Bxc3 7. bxc3 Ne4 8. Qg4 Kf8 {After this, my opponent paused for a while
and played...} 9. Qf4 {...a rare line, but I recall that Black should be fine
here.} c5 10. Bd3 Nxd2 11. Qxd2 Nc6 12. Nf3 Qa5 {Keeping options open with c4
& cxd4. It seems that he may not have considered this natural move in his
preparation as he started thinking here.} ({The other way to play this is
shown in GM Sergey Volkov's games:} 12... c4 13. Be2 Ke7 14. O-O (14. a4 Kd7
15. O-O Kc7 16. Qc1 Bd7 17. Nd2 Rc8 18. Qb2 Kb8 19. Kh1 f6 20. exf6 gxf6 21. f4
e5 22. Nf3 exd4 23. cxd4 Qe7 24. Rf2 c3 25. Qxc3 Nb4 26. Qb3 Rxc2 {0-1 (26)
Kargin,A (2386)-Volkov,S (2623) Moscow 2008}) 14... Kd7 15. g3 Kc7 16. Nh4 Bd7
17. f4 Ne7 (17... g6 $5 18. Ng2 h5 19. Nh4 Rc8 20. Nf3 Kb8 $11 {0-1 (76)
Moradi,A (2209)-Volkov,S (2607) Rasht IRI 2016}) 18. a4 a5 19. Qc1 Ra6 $1 20.
Qa3 Kb8 21. Bg4 g6 22. Ng2 Nc8 23. Ne3 Nb6 $15 {0-1 (57) Niyazmetov,R (2230)
-Volkov,S (2614) Tashkent UZB 2015}) 13. dxc5 Qxc5 14. Rb1 b6 15. O-O Bb7 {
I already like my position as I can continue with normal moves.} 16. Rfe1 {
He played this after some thought, probably preparing Nd4 or planning a rook
lift to the kingside in the future.} Rc8 17. h4 Ke7 {A preparatory move, with
the idea of ...Rhd8, ...Nf8, then taking action in the centre or on the
queenside.} (17... Qa5 $5 {but iy would be awkward to have to face} 18. a4 $5 (
18. Rb5 Qa4 $11)) (17... Na5 18. Nd4 $1 {is one of his ideas} Qxc3 (18... Nc4
19. Bxc4 Qxc4 20. Nb5 $1 $36 (20. Re3)) 19. Qxc3 (19. Qf4 $5 $36) 19... Rxc3
20. Nb5 $14) (17... Rc7 $142 18. Rb5 Qa3 19. Rb3 (19. c4 dxc4 20. Bxc4 g6 21.
Qf4 Qe7 $11) 19... Qe7 $1 (19... Qc5 20. Qf4 $36) 20. Qf4 Na5 $11) 18. Rb5 ({
I was more concerned about} 18. a4 $5 {now ...Qa3 ideas will be met by Ra1.
Then I thought it's double-edged as it can also become target for me later.
Maybe I'll continue normally with:} Rhd8 19. Rb5 Qa3 $13) ({I also considered} 
18. Re3 d4 $5 (18... Rhd8) 19. Nxd4 Nxd4 20. cxd4 Qxd4 {seemed easier to play
for me due to my static advantage.} 21. h5 (21. Rg3 $6 Qxe5 22. Qb4+ Rc5 {
I don't think White has enough for the pawn}) 21... Rhd8 $15) 18... Qa3 19. Nd4
{Here, I spent a few minutes to understand what he's doing and to concretely
check my idea.} Qa4 {He may have missed this "creeping move" as he spent a
good amount of time again after this.} 20. Nxc6+ (20. Qf4 $5 Nxd4 21. Rb4 Qxa2
22. Rxd4 Qb2 23. Re3 $13) 20... Rxc6 21. Rb4 Qa3 22. Qf4 Qxc3 23. Re3 $6 {
After some thought I decided on a favourable small tactic, as anything else
gives him a strong intitiative.} ({I think he had to retreat first with} 23.
Rbb1 $1 {before going Re3 which is a difficult move to make. But what can I do
to stop his idea?} d4 (23... Rhc8 24. Re3) 24. Qg4 Kf8 (24... g6 25. Qf4 $40)
25. Re4 $36) 23... Rc4 $1 (23... Qa1+ 24. Kh2 Qc1 25. Qg4) (23... Qd2 24. Ra4
a5 25. Qg4 {with pressure on g7 and later on f7.}) 24. Rxc4 dxc4 25. Bxc4 (25.
Qxc4 Qxc4 26. Bxc4 Rc8 27. Bb3 b5 $15 {with a very pleasant ending.}) 25...
Qxc2 {Here my opponent spent more time again, but I sensed that it was due to
difficulty developing his initiative.} 26. Bb3 {Here I had a critical choice
to make: to go to d2 at once or throw in a check first.} ({The normal move} 26.
Rg3 {may have been his original idea, but it runs into a forcing refutation}
Qe4 $1 27. Qxe4 Bxe4 28. Rxg7 Rc8 29. Bb3 Bg6 $19) 26... Qc1+ $1 ({It's
similar but I don't have any counter-pressure/play after} 26... Qd2 27. Qa4 a6
(27... a5) (27... Qa5 28. Qg4 $132) 28. Qa3+) 27. Kh2 Qd2 $6 {This was my main
idea with checking first--now f2 will hang and taking on e5 later could come
with check. However there is a more convincing way to continue but it had to
worked out accurately.} (27... Rd8 $142 $1 28. Qg4 {this concerned me during
the game, but Black can counter it by force with} (28. Qb4+ Qc5) 28... Qd2 $1
29. Bxe6 (29. Qxg7 Qxf2 30. Rg3 Qf4) 29... Qxf2 30. Re2 Qd4 31. Qxg7 Qf4+ (
31... Qxh4+ 32. Bh3 Rd1 $17) 32. g3 Qf3 33. Qf6+ Qxf6 34. exf6+ Kxf6 35. Bb3
Rd7 $17) 28. Qa4 a6 $1 {The correct and more solid choice!} (28... a5 29. Qa3+
Qb4 30. Qxb4+ axb4 31. Rg3 $1 $11 {and White will regain his pawn.}) 29. Qa3+
Ke8 $8 (29... Kd7 $4 {running to b8 looks better positionally but things
always have to be checked concretely in open positions like this!} 30. Rd3+
Qxd3 31. Ba4+ $18) 30. Kg1 {A nice tension move.} (30. Rg3 $5 g5 $1 {gains me
time} 31. h5 Qd4 $15 (31... Qxf2 32. Qd6 $132)) 30... Qd4 {With little time on
the clock to make the time-control, I started to go with my intuition more. My
next idea is to go ...Qc5 and what can go wrong with a centralising move? :-)}
31. Qc1 Kd7 32. Qa3 Ke8 33. Qc1 Kd7 34. Qa3 {After checking that I can deal
with the kingside pressure later, I went with my "king safety first" plan.} Qc5
$6 (34... Rd8 $142 $1 {this small tactic simply kills White's initiative} 35.
Ba4+ (35. Rd3 Qxd3 36. Ba4+ Kc8) (35. Rc3 Qe4 $1 (35... Qxe5 $2 36. Rd3+ Ke8
37. Rxd8+ Kxd8 38. Qf8+) 36. f3 Qe1+ $19) 35... Kc8 36. Rc3+ Kb8 $17) 35. Qa4+
Kc7 $138 (35... Ke7 $5 36. Qg4 g5 $1) 36. Qg4 (36. Qf4 Qe7) 36... g5 $1 {
Trying to grab the initiative on the kingside, or going for "active defence".}
({At first I was looking at the solid} 36... g6 {but felt that he would still
have pressure on my kingside after.} 37. Qf4 Qe7 38. Rd3 $1 (38. Rc3+ Kb8 39.
Rd3 g5 $1 $15 (39... h5 40. Rd6)) 38... Kb8 39. Rd6 $44) 37. Qh5 ({If} 37. hxg5
{I intended} Rg8 (37... hxg5 38. Re1 Qc3 $17) 38. Qh5 (38. Rg3 Rxg5 $17) 38...
Rxg5 39. Qxf7+ Kb8 40. Qe8+ Ka7 $19) ({or} 37. h5 Kb8 $17) 37... Kb8 38. hxg5
$138 Rg8 (38... Qc1+ $1 39. Kh2 Qf1 40. Rg3 Qxf2 41. gxh6 Qf4 42. h7 Be4 $17)
39. Qxh6 (39. Qxf7 Rxg5) 39... Qc1+ 40. Kh2 Qf1 {I was pleased with my last
moves before the time-control.} 41. f3 $2 {I had doubts that this way the
"best solution" to his problem.} ({I thought he had to simplify} 41. Rg3 Qxf2
42. g6 $1 {I spotted this after checking the line for forcing/active ideas}
fxg6 43. Rxg6 Rxg6 44. Qxg6 Qh4+ 45. Kg1 Qe1+ 46. Kh2 Qxe5+ 47. Qg3 Qxg3+ 48.
Kxg3 {and I thought that White should draw this. Maybe fatigue caused him to
miss this as he spent a while on move 41.}) 41... Qc1 {Played quickly as it
felt right and I saw no tricky defensive ideas after I put my Q on f4.} 42. Rd3
Qf4+ 43. Kh1 Rxg5 44. Rd7 $1 {The best defence, after which I started to
concentrate more as things were not as straightforward} Ka7 $1 {Prophylaxis.} (
44... Qxe5 45. Qf8+ Ka7 46. Rxb7+ Kxb7 47. Qxf7+ Qc7 48. Qxc7+ Kxc7 49. Bxe6 {
was his main idea, which I think gives White great drawing chances.}) 45. Bc2
Qc1+ {Giving him a choice.} (45... Qg3 46. Qxg5 $1 Qxg5 47. Be4 {and during
the game I only saw} Kb8 (47... a5 $1) 48. Rxb7+ Kc8 49. g4 {with some drawing
chances.}) 46. Bd1 ({I also considered} 46. Kh2 $5 Rxg2+ 47. Kxg2 Qxh6 48. Be4
Kb8 (48... a5 $142) 49. Rxb7+ (49. Bxb7) 49... Kc8 50. Rxf7 Qg5+ 51. Kf2 Qxe5
52. Bb7+ Kd8 53. Bxa6 b5 $17) 46... Qe3 (46... a5 $5) 47. Be2 $2 {In his
second time-trouble, he finally errs.} Qxe5 $1 48. f4 Qa1+ {This is what he
missed.} (48... Qxf4 49. Bf3 {etc} Qc1+ 50. Kh2 (50. Rd1 Qe3 51. Rd7) 50...
Rxg2+ 51. Kxg2 Qxh6 52. Rxb7+ Ka8 53. Rxb6+ Ka7 54. Rb7+ $11) 49. Bd1 (49. Rd1
Rxg2 50. Rxa1 Rg6+) 49... Rg8 50. Kg1 Rxg2+ 51. Kf1 Rg3 {Controlling a key
square he needs for his counterplay!} 52. Kf2 Qc3 53. Qh1 Qe3+ 54. Kf1 Qxf4+
55. Ke1 {Here at least I have Re3-e4, and after calming down I saw the killer
tactic.} Re3+ 56. Be2 Qb4+ $1 57. Kf2 Rxe2+ 58. Kxe2 Qb5+ {Picking off his
rook, forcing him to resign. This was a very satisfying victory not only
because I used my favourite French but it was also a long, hard fought game!}
0-1

[Event "Moscow FIDE GP"]
[Site "Moscow"]
[Date "2017.05.20"]
[Round "8"]
[White "Hou, Yifan"]
[Black "Vallejo Pons, Francisco"]
[Result "1/2-1/2"]
[WhiteElo "2652"]
[BlackElo "2710"]
[Annotator "Sadorra,J"]
[PlyCount "138"]
[EventDate "2017.05.12"]
[EventType "swiss"]
[EventRounds "9"]
[EventCountry "RUS"]
[SourceTitle "CBM 179"]
[Source "ChessBase"]
[SourceDate "2017.07.12"]
[SourceVersion "1"]
[SourceVersionDate "2017.07.12"]
[SourceQuality "1"]

1. e4 e6 2. d4 d5 3. Nc3 Nf6 4. Bg5 Bb4 5. exd5 $5 {An interesting opening
choice by the #1 female player in the world.} Qxd5 6. Bxf6 Bxc3+ 7. bxc3 gxf6
8. Qd2 Qa5 9. Bd3 Bd7 10. Ne2 Bc6 11. f3 ({The other way to continue here is} 
11. Nf4 Nd7 12. c4 Qxd2+ 13. Kxd2 e5 $6 (13... Nb6 $5 {leads to a similar
position to the main game.}) 14. d5 exf4 15. dxc6 bxc6 16. Rhe1+ Ne5 17. Re4
$14 {1/2-1/2 (67) Mammadova,G (2354)-Volkov,S (2599) Al Ain 2014}) 11... Nd7
12. c4 Qxd2+ 13. Kxd2 {It is very possible that Yifan has this "endgame line"
well studied out as it is well-known that Vallejo is a French expert and
common practicioner of the defence.} Nb6 $5 {This is the new deviation in this
game. Compared to castling, Vallejo wants to have the option of keeping his
king close to the centre.} (13... O-O-O 14. Ke3 Rdg8 15. Rhg1 h5 16. h4 Nf8 {
[%csl Rc8,Ge3,Rf6,Rf7,Rh5][%cal Ge3f4,Ge3d4,Gf8g6,Gg6e7] 0-1 (55) Iskos,A 
(2107)-Markidis,K (2291) Kavala 2012. This ending is tenable for Black but he
still has to be careful due to his kingside weaknesses and slightly less space.
}) 14. h4 Rg8 15. Rhg1 Rd8 16. Ke3 Ke7 17. g4 (17. Rab1 $5 {is a more accurate
move order to avoid Black's possible next move.}) 17... h6 (17... Na4 {is a
strange but effective way to hold as suggested by the strongest analyst in the
world.} 18. Rab1 (18. Bxh7 $2 {trading Black's weak pawn} Rh8 19. Bd3 Rxh4 {
only favours Black.}) 18... b6 19. Rb3 {[%cal Gb3a3,Ga3a7]} (19. h5 h6 $11) (
19. Ng3 h6 $11) (19. Be4 Be8 20. Rb3 h5 21. Rbb1 Bd7 $11) 19... h5 $1 20. Rbb1
hxg4 $1 {Allows White to create a passed pawn but ensure its blockade
rendering it a source of counterplay as well.} (20... Rh8 21. g5 fxg5 22. Rxg5
$14 {[%csl Ra4,Rh5]}) (20... Bd7 21. gxh5 Rh8 22. Rg7) 21. fxg4 Bd7 {[%csl Rg4]
[%cal Ge6e5,Gc7c5]} (21... Rh8 22. h5 Rdg8 {also works.}) 22. h5 (22. Kf3 e5
23. Rbe1 Bc6+ 24. d5 (24. Be4 Bd7 $11 {[%csl Rc4][%cal Ga4b2]}) 24... Bd7) (22.
Rg3 c5 $1 23. Rbg1 (23. d5 exd5 24. cxd5 Rxg4 $17) 23... cxd4+ 24. Nxd4 Rc8 $17
) 22... Rg5) 18. Rab1 Nc8 $6 {[%cal Gc8d6] Vallejo decides to relocate the
knight to a better square, but underestimates the problems it can create with
time/tempo that his position needs--to improve pieces and to defend against
enemy threats.} 19. Nc3 (19. c5 $5 {[%csl Rc8] is a responsible decision due
to the weakening of the pawn structure but also one that can certainly give
Black problems as it restricts the knight on c8.} b6 (19... h5 {creating
counterplay like this is futile after} 20. Be4 $1 Bxe4 21. fxe4 b6 22. gxh5 Rh8
23. Ng3 $16 Rdg8 24. Kf3 {Now Black can barely do anything because activating
the rest of his pieces can only lead to more trouble:} bxc5 25. dxc5 Kd7 26.
Rgd1+ Kc6 27. Ne2 $40 {[%csl Rc6]}) 20. Be4 $1 {this follow-up has to be
foreseen of course. The main idea is to trade off Black's most active piece,
highlighting the superiority of White's knight over Black's.} Bxe4 (20... Bd5
21. a4 $16 {[%cal Ga4a5,Ge2f4] White has many ways to improve the position.})
21. fxe4 e5 $2 {[%csl Rf5]} (21... bxc5 22. dxc5 $16 {[%cal Ge2d4,Gb1b7]}) 22.
dxe5 fxe5 23. Ng3 Ke6 24. Nf5 Rh8 (24... Rg6 $2 25. h5 Rf6 26. Rgd1 $18) 25.
Rgd1 Rxd1 (25... Ne7 26. Rxd8 Rxd8 27. Nxh6) 26. Rxd1 bxc5 27. Rd5 $16 {
White has better pieces and more weaknesses to attack.}) 19... b6 20. a4 $1 (
20. c5 $5 {is once again possible.}) 20... Nd6 {Black's position is already
difficult to play.} ({The lesser evil is probably} 20... a5 {[%csl Rb5]} 21.
Nb5 (21. c5) 21... Rd7 22. Be4 $14) 21. Nb5 Ne8 (21... Rd7 22. Nxa7 $18) (21...
Nxb5 22. axb5 {[%csl Ra7]} Bb7 23. Ra1 Ra8 24. c5 e5 25. c3 $16) (21... Bxb5
22. axb5 e5 23. c3 Nb7 {[%csl Ra7][%cal Gb7a5]} 24. Be4 Na5 25. Bd5 $16) 22. a5
$5 ({A more energetic way to increase the advantage is} 22. Nxa7 $1 Bxa4 23.
Ra1 Bd7 24. c5 $1 {[%csl Rd7,Re8][%cal Gc5c6]} bxc5 25. dxc5 f5 26. c6 Bc8 27.
gxf5 (27. g5 hxg5 28. hxg5 Nd6 {isn't so clear.}) 27... Rxg1 28. Rxg1 exf5 29.
Rg8 {[%csl Rc7,Rf5,Rh6] One of the black pawns will eventually fall.}) 22...
Bxb5 23. Rxb5 $2 {[%csl Rh6][%cal Rb5h5,Rh5h6] Yifan foregoes the improvement
of her structure to pressure Black's weak h6. Unfortunately, she either missed
Vallejo's next move or underestimated his defensive resources.} ({A simpler
and better way is} 23. cxb5 Nd6 24. Ra1 Kd7 (24... Nb7 25. axb6 axb6 26. Ra7
Rb8 27. Be4 $18) 25. c4 Nb7 26. axb6 axb6 27. Ra7 Na5 (27... Nd6 28. c5 Nc8 29.
cxb6 Nxb6 30. Be4 $16 {[%csl Rc7][%cal Gg1c1,Rc1c7]}) 28. c5 Ra8 29. Ra6 $1 $16
) 23... f5 $1 24. axb6 axb6 25. c5 ({If} 25. Rbb1 fxg4 26. fxg4 Ra8 $11 {
Black also stablises the position and reaches equality.}) 25... Nf6 $1 {
Vallejo continues to defend accurately. In fact, Yifan also has to start being
careful now as well.} (25... bxc5 $2 {allows White's rook to have a nice
outpost on c5.} 26. Rxc5 fxg4 27. Rxg4 $1 Rxg4 28. fxg4 {[%csl Rc7,Rh6]}) 26.
cxb6 (26. c4 bxc5 27. Rxc5 Kd6 $36) 26... cxb6 27. Be2 (27. c4 {[%csl Gd5]
[%cal Rb5b6]} fxg4 28. fxg4 $2 (28. Rxb6 g3 $132) 28... Nxg4+ 29. Ke2 Rxd4 30.
Rxb6 Ra8 {[%csl Rd3,Re2] and Black suddenly has a decisive attack!}) 27... Nd5+
28. Kd2 Nf4 {[%csl Gf4] from the bad c8-square, the knight has now become a
monster on f4!} 29. c3 Rc8 ({A better try to create problems is} 29... Ra8 30.
Bc4 h5 $1 {[%csl Rh4]} 31. g5 Rgc8 32. Bb3 Ng6 33. Rh1 Rc6 {[%csl Rc3,Rd4,Rh4]
[%cal Ga8c8,Rc8c3] While White can probably hold this, Black has a long-term
initiative.}) 30. Bf1 $2 {Yifan starts to crack under pressure.} ({The safest
way to keep the balance is} 30. Bd1 {[%cal Gd1g4]} Rc6 (30... h5 31. Rxb6) 31.
Re1 $11) (30. Bd3 $5 h5 31. Bxf5 exf5 32. Rxf5 Ne6 33. Rxh5 {and White should
achieve a draw with very few pawns left on the board for her opponent.}) 30...
h5 {[%csl Rh4]} 31. c4 hxg4 32. fxg4 fxg4 $1 {Vallejo correctly decides to
keep his g8-rook as it will be helpful for pushing forward his passed pawn.} (
32... Rxg4 33. Rxg4 fxg4 34. Ke3 Ng6 35. h5 Nh4 36. Kf4 $11 {[%cal Gb5b3,Gb5g5]
}) 33. Rxb6 f5 {This seems to be most logical and safest way to continue the
position but it doesn't give White any problems. Black has to act more quickly
and to foresee small tactics to keep better chances from this position.} (33...
g3 $1 {[%cal Rg3g2,Rf4h3]} 34. Rb7+ $1 {The best defence} (34. Bg2 Rxc4 $19) (
34. Ke3 Rg4 35. Kf3 Rcg8 $17) 34... Kf6 (34... Kf8 35. Ke3 Rg4 36. Kf3 $11) 35.
Rb3 {[%cal Gg3g2,Gb3f3,Gf3f6]} Rcd8 $1 {This in-between move must be foreseen
to be convinced that 33...g3 is the better way to go!} (35... g2 36. Rf3 {
Seeing this idea which started from the check is what will bother many in
their analysis of 33...g3}) 36. Rbxg3 Rxd4+ 37. Ke3 (37. Kc3 Rgd8) 37... Rgd8
$15 {[%csl Rc4,Re3,Rh4] Black can push here till the end of time!}) 34. Ke3 Nh3
(34... Nh5 35. Bd3 $132 {[%cal Gd4d5]} (35. d5 $5 exd5 36. Bd3 f4+ 37. Kd4 $13)
) 35. Bxh3 $1 (35. Rg2 {is simply scary to play} Ra8 $36 {[%cal Gf5f4,Ga8a3]})
35... gxh3 36. Rxg8 Rxg8 37. Rb1 Rh8 38. d5 $1 {simplifying to a theoretically
drawn rook ending with f+h pawns.} exd5 39. cxd5 Rxh4 40. Kf2 Kd6 (40... h2 41.
Kg2 Kd6 42. Kh1 Kxd5 43. Rd1+ Ke4 44. Ra1 f4 45. Ra3 {Black cannot make any
more progress} f3 46. Rxf3 Kxf3) 41. Kg3 Rh5 42. Kh2 Kxd5 43. Rb5+ {For the
rest of the game, Yifan proves that she knows how to defend this f+h pawns
rook ending. Feel free to open your endgame manual to check if both players
really know their stuff!} Ke4 44. Rb4+ Ke5 45. Rb5+ Kf6 46. Rb1 Rh4 47. Rb3 Ke5
48. Rb5+ Kf4 49. Rb3 Rh8 50. Rb1 Ke3 51. Rb3+ Kd2 52. Rb2+ Kc3 53. Rb5 Rh5 54.
Rd5 Kc4 55. Rd8 Kc5 56. Rd7 Kb6 57. Rd3 Kc6 58. Rd8 Rh4 59. Rf8 f4 60. Rd8 Kc5
61. Rd7 Kc6 62. Rd3 Rh8 63. Rxh3 Rxh3+ 64. Kxh3 Kd5 65. Kg2 Ke4 66. Kf2 f3 67.
Kf1 Ke3 68. Ke1 f2+ 69. Kf1 Kf3 1/2-1/2